| 000 | 00559cam a2200229 4500 | ||
|---|---|---|---|
| 001 | J93710 | ||
| 008 | 090401t1998 xxu||||| |||| 00| 0 eng d | ||
| 020 | _a0922154511 | ||
| 035 | _a(Sirsi) u88297 | ||
| 041 | _aeng | ||
| 050 | _a333.3320973 | ||
| 100 | _aSimpson, John A. | ||
| 245 | _aValuation of marinas. | ||
| 260 |
_aChicago, Ill. _bAppraisal Institute _c1998 |
||
| 300 | _avi,88p. : ill. ; 23cm. | ||
| 350 | _a19.5 | ||
| 650 | _aMARINAS | ||
| 650 |
_aValuation _96273 |
||
| 690 | _aRATING AND VALUATION | ||
| 942 | _n0 | ||
| 948 | _c03/09/1998 | ||
| 999 |
_c97327 _d97327 |
||